Sports Quiz

Random Sports or Hockey Quiz
Score 0/12 Timer 03:00
0 Plays Today
Wins Player % Correct
26Grant Fuhr
100%
22Andy Moog
98.2%
40Pelle Lindbergh
90.9%
27Murray Bannerman
83.6%
25Tom Barrasso
83.6%
30Reggie Lemelin
81.8%
33Brian Hayward
72.7%
23Rick Wamsley
69.1%
28Pat Riggin
67.3%
21Greg Stefan
58.2%
26Steve Penney
49.1%
23Bob Janecyk
36.4%
Remove Ads.
Support Sporcle.
Get the best of Sporcle when you Go Orange. This ad-free experience offers more features, more stats, and more fun while also helping to support Sporcle. Thank you for becoming a member.

You're not logged in!

Compare scores with friends on all Sporcle quizzes.
OR
Log In

Show Comments

Extras

Top Quizzes Today


Score Distribution

Your Account Isn't Verified!

In order to create a playlist on Sporcle, you need to verify the email address you used during registration. Go to your Sporcle Settings to finish the process.

Report this User

Report this user for behavior that violates our Community Guidelines.

Details: